College Quizbowl Stats
College Quizbowl Stats
Circuits
Seasons
Sets
Records
Detailed Stats
About
Loading...
2024 ARCADIA at BU
Tossups
Bonuses
Players
Teams
Categories (Tossup)
Categories (Bonus)
Isabel Schumacher
Brandeis B
Categories
Category
Powers
Gets
Negs
BBs
Points
Earliest Buzz
Avg. Buzz
First Buzzes
Top 3 Buzzes
Literature - European Literature
0
2
0
1
20
106
120.50
0
0
Philosophy
0
1
0
0
10
122
122.00
0
0
Social Science
0
1
0
0
10
111
111.00
0
0
Auditory Arts
0
0
1
0
-5
0.00
0
0
Visual Arts
0
0
1
0
-5
0.00
0
0
Beliefs
0
0
2
0
-10
0.00
0
0
Buzzes
Category
Answer
Value
Buzz Position
Beliefs
Saint Anthony of Padua
-5
98
Literature - European Literature
Agamemnon
10
106
Beliefs
Europa
-5
111
Social Science
first language acquisition
10
111
Auditory Arts
harp
-5
118
Philosophy
knowledge
10
122
Visual Arts
wood
-5
124
Literature - European Literature
Saint Augustine
10
135
Previous
1
Next